000 00269nam a2200121Ia 4500
100 _a#N/A
650 _aComputer
942 _cBK
654 _aOPEN OFFICE
245 _aLFY Oct 2009 Open Office . org 3 for Linux & windows
260 _bLFY
_c2009
546 _aENGLISH
999 _c32769
_d32769